| 000 | 00506nam a2200169 4500 | ||
|---|---|---|---|
| 001 | 140571 | ||
| 003 | ES-MaACL | ||
| 005 | 20260203063032.0 | ||
| 007 | t| | ||
| 008 | 070214s1973 sp r ||||1| spa d | ||
| 100 | 0 |
_aSebastián Aguilar, Fernando _9105013 |
|
| 245 | 1 | 0 |
_aAntropología y teología de la fe cristiana / _cFernando Sebastián Aguilar. |
| 260 |
_aSalamanca : _bSígueme, _c1973. |
||
| 300 |
_a358 p. ; _c19 cm. |
||
| 852 |
_aES-MaACL _jC-53024 _bR.85503 |
||
| 999 |
_c140571 _d140571 |
||